Estadísticas para Mares que tocan múltiples países

Haz click aquí para intentar la prueba.

Estadísticas generales

  • Esta prueba ha sido intentada 3.315 veces
    (3.060 desde el último reinicio)
  • La puntuación promedio es 8 de 14

Estadísticas de respuestas

#Mar% Correcto
21Mar Mediterráneo
96%
6Mar Negro
89%
7Mar Rojo
85%
25Mar Caribe
81%
9Mar Báltico
71%
5Mar Caspio
69%
7Mar del Norte
69%
6Mar Adriático
62%
4Mar del Japón
53%
10Mar de la China Meridional
46%
7Mar Arábigo
40%
4Mar de la China Oriental
29%
5Mar del Coral
18%
4Mar del Andamán
11%

Distribución de puntuación

Porcentaje por número respondido

Porcentaje de gente con cada puntuación

Historial de tus puntuaciones

No has intentado esta prueba desde el último reinicio